| 000 | 01023aam a2200325 i 4500 | ||
|---|---|---|---|
| 001 | 768714001 | ||
| 003 | CO-MdFUSB | ||
| 005 | 20260211123457.0 | ||
| 007 | ta | ||
| 008 | 260211t2013 sp |||| |||| 00| 0 spa d | ||
| 020 | _a978-84-9945-814-0 | ||
| 040 | _cCO-MdFUSB | ||
| 041 | _aspa | ||
| 082 | 0 | 4 |
_a487.4 _223 _bD3521g |
| 100 | 1 |
_aDelgado, Jara Inmaculada _eautor |
|
| 245 | 1 | 0 |
_aGramática griega del Nuevo Testamento _b: morfología _c/ Inmaculada Delgado Jara |
| 264 | 1 |
_bVerbo Divino, _aEstella, Navarra : _c[2013] |
|
| 264 | 4 | _c©2013 | |
| 300 |
_a397 páginas _c; 24 cm |
||
| 336 |
_atexto _btxt _2rdacontent |
||
| 337 |
_2rdamedia _asin mediación _bn |
||
| 338 |
_2rdacarrier _avolumen _bnc |
||
| 490 | _aInstrumentos para el estudio de la Biblia | ||
| 501 | _aRústica | ||
| 505 | _aFonética -- Morfología, declinación -- Verbos, adjetivos, flexión verbal, pronombres, modos verbales, 1-3 declinación | ||
| 563 | _aRústico | ||
| 653 | _aGriego bíblico | ||
| 942 | _cBK | ||
| 945 | _aJTF-925 | ||
| 999 |
_c44820 _d44820 |
||